000 00834nam a2200229Ii 4500
003 JO-AjNU
008 230605s9999||||xx |||||||||||||| ||und||
017 _a2012/11/4231
020 _a978-9957-56-335-6
040 _aJO-AjNU
_bara
_erda
_cJO-AjNU
041 _aara
050 1 4 _aHG4026.2020
100 3 _aالعبيدي، رائد عبد الخالق عبد الله، م مشارك خالد احمد فرحان المشهداني,
_eauthor
_961622
245 0 0 _aادارة المؤسسات المالية والمصرفية
250 _aط1
264 3 1 _aعمان: دار الايام للنشر والتوزيع، 2020
300 _a192ص
336 _atext
_btxt
_2rdacontent
337 _aunmediated
_bn
_2rdamedia
338 _avolume
_bnc
_2rdacarrier
650 4 _aالمالية والمصرفية-ادارة
_961623
999 _aA27863
_c31431
_d31431